000 00567cam a22002291 4500
001 sa 66002329
003 DLC
005 20260227112228.0
008 940527s1964 ii c 000 0 kano
010 _asa 66002329
025 _aPL480:I-Kan-594
035 _a(OCoLC)30507540
040 _aDLC
_cCU
_dCU
_dDLC
042 _apremarc
050 0 0 _aPL4659.C52
_bZ53
100 0 _aJa. Ca. Ni.,
_d1911-
245 1 0 _aKāruṇya kiraṇa.
260 _c[1964]
300 _a150 p.
_bports.
_c19 cm.
500 _aIn Kannada.
650 0 _aFasts and feasts
_xHinduism.
999 _c68313
_d68313